00721nam a22002417a 450000500170000000800410001701000100005801100100006803500100007808200140008810000260010224500480012826000540017630000190023050000120024959000410026159000420030265000310034465000270037590100070040294900530040999900170046220220329141256.0971010s1984 r 00010 d a65594 a66566 a74930 a633.2bV300aTaiton, N. M.9111368 aVeld and pasture management in South Africa aPietermaritzbung :bUniversity of Natal,c[1984?] a481 p.b: ilus a1992/13 aBATCH-UPDb10c20130110lUCH01h1856 aCONVERSIONb10c20130109lUCH01h133614aPastizalesxManejo.98594414aPastosxAfrica.985987 aBK a633.2 V3bZcLIBROd-7840eLIBROh1053i74930si c65594d65594